| 000 -LEADER |
| fixed length control field |
00430cam a22001457a 4500 |
| 008 - FIXED-LENGTH DATA ELEMENTS--GENERAL INFORMATION |
| fixed length control field |
180718b1981 xxu||||| |||| 00| 0 eng d |
| 082 ## - DEWEY DECIMAL CLASSIFICATION NUMBER |
| Classification number |
Dx62 Sa96 |
| 100 ## - MAIN ENTRY--PERSONAL NAME |
| Personal name |
Sawant, Ankush B. |
| 245 ## - TITLE STATEMENT |
| Title |
Egypt's Africa policy |
| Statement of responsibility, etc. |
by Ankush B. Sawant |
| 260 ## - PUBLICATION, DISTRIBUTION, ETC. |
| Place of publication, distribution, etc. |
Delhi |
| Name of publisher, distributor, etc. |
National |
| Date of publication, distribution, etc. |
1981 |
| 300 ## - PHYSICAL DESCRIPTION |
| Extent |
285p. |
| 500 ## - GENERAL NOTE |
| General note |
Bibl.p.267-78, Rs.85.00 |
| 650 ## - SUBJECT ADDED ENTRY--TOPICAL TERM |
| Topical term or geographic name entry element |
Egypt --Foreign relations --Africa |
| 650 ## - SUBJECT ADDED ENTRY--TOPICAL TERM |
| Topical term or geographic name entry element |
Africa --Foreign relations --Egypt |